Представление документа в формате RUSMARC

Поле Инд. ПП Название Значение
Тип записи a
Библиографический уровень a
001 Контрольный номер a3eabc6f03a74a71a0d270ea63a29d8b
005 Дата корректировки 20181126132830.6
100 a Данные общей обработки 20181126 ||| 0rusy0189 ca
101 0_ a Язык текста rus
102 a Страна публикации RU
200 1_ f Первые сведения об ответственности М.Н. Зарубина, М.М. Новикова
a Заглавие К вопросу о сущности электронного правосудия в Российской Федерации
b Общее обозначение материала Текст
210 1_ d Дата издания 2017
461 _0 1 2000
a Администратор суда
463 _0 1 2000
a № 1
v С. 9-12
1 2101
d 2017
1 001ddbf20e0809440129d84cb2b478f2acc
606 a Основная рубрика Информатика
610 0_ a Ключевые слова ИНФОРМАЦИОННЫЕ И КОММУНИКАЦИОННЫЕ ТЕХНОЛОГИИ В СУДЕБНОЙ ДЕЯТЕЛЬНОСТИ
700 _1 a Фамилия Зарубина
b Имя М.Н.
701 _1 a Фамилия Новикова
b Имя М.М.
801 _0 a Страна RU
b Организация РГУП
c Дата составления 20181126
g Правила каталогизации PSBO
801 _1 a Страна RU
b Организация РГУП
c Дата составления 20181126
g Правила каталогизации PSBO
901 t Тип документа b
w Контрольный № источника ddbf20e0809440129d84cb2b478f2acc
905 a Дата ввода 20181126